Communist Countries on a Map - Statistics

General Stats
  • This quiz has been taken 471 times
  • The average score is 27 of 29
Answers on the Map
Answers color-coded by a green-red scale on the quiz's map according to % correct below.
 
Answer Stats
Answer % Correct
China
99%
Soviet Union
99%
Laos
98%
Mongolia
98%
Poland
98%
Somalia
98%
Cuba
97%
Vietnam
97%
Bulgaria
96%
Ethiopia
96%
Madagascar
96%
North Korea
96%
Afghanistan
95%
Cambodia
95%
East Germany
95%
Hungary
95%
Romania
95%
Yugoslavia
95%
Albania
94%
Angola
94%
Czechoslovakia
94%
Mozambique
93%
Nicaragua
93%
Benin
91%
People's Republic of the Congo
90%
Burkina Faso
89%
Comoros
80%
Grenada
77%
South Yemen
77%
No matching quizzes found
Score Distribution
Percent of People with Each Score
Percentile by Number Answered
Your Score History
You have not taken this quiz